| 000 | 00629nam a2200193 i 4500 | ||
|---|---|---|---|
| 001 | 161365 | ||
| 003 | ES-MaACL | ||
| 005 | 20230906212254.0 | ||
| 008 | 950614s1892 sp |||| | spa d | ||
| 040 |
_aCLM _bspa _cCCPB | SIC |
||
| 100 | 1 |
_aPardo, Manuel. _9130845 |
|
| 245 | 1 | 0 |
_aCarreteras / _cpor Manuel Pardo... |
| 260 |
_aMadrid : _b[s.n.], _c1892 ( _fImprenta y Fundición de Manuel Tello) |
||
| 300 |
_a2 v. (521 p. ; XIII h. de lám. pleg.) ; _c23, 32 cm. |
||
| 505 | 8 | _aContiene : T. I. Texto -- T. II. Atlas | |
| 597 | _aAntep. | ||
| 650 | 4 |
_aCarreteras. _9135730 |
|
| 852 |
_aES-MaACL _jF-3419-3420 _z-- Enc. hol. |
||
| 999 |
_c161365 _d161365 |
||